| 000 | 00861nam a22001937a 4500 | ||
|---|---|---|---|
| 005 | 20250801135700.0 | ||
| 010 | _aB-762970-988 BACEN25 | ||
| 020 |
_a9789386818119 _c600.00 |
||
| 035 | _aB-762970-988 | ||
| 037 | _bR.K. Publishers & Distributors | ||
| 082 | _a025.421 | ||
| 100 |
_aMangani Parsad Singh _983594 |
||
| 245 |
_aDewey Decimal Classification in Library Science / _cby Mangani Parsad Singh |
||
| 260 |
_aDelhi _bR.K. Publishers & Distributors _c2024 |
||
| 270 |
_aL-45, Street No.5, Shivaji Marg Kartar Nagar, _bDelhi _e110053 |
||
| 300 |
_a200p. _c23cm(Hb) |
||
| 942 |
_2ddc _cEN _h025.421 _mMAN |
||
| 999 |
_c209545 _d209545 |
||